000 00374nam a2200133Ia 4500
008 151001s9999||||xx |||||||||||||| ||und||
100 _aविलास साळोखे
245 _aएका प्रियेची गोष्ट
250 _a1
260 _bगुरु ओम प्रकाश
260 _c1982
300 _a171
365 _b18
999 _c963704
_d963701